<?xml version="1.0" encoding="UTF-8"?>
<collection xmlns="http://www.loc.gov/MARC21/slim">
 <record>
  <leader>00769pamaa2200217   4500</leader>
  <controlfield tag="001">0000042855</controlfield>
  <controlfield tag="005">20121212090000.0</controlfield>
  <controlfield tag="008">071025                             eng  </controlfield>
  <datafield tag="020" ind1="0" ind2="0">
   <subfield code="a">1846283302 (pbk.) </subfield>
  </datafield>
  <datafield tag="090" ind1="0" ind2="0">
   <subfield code="a">R864 </subfield>
   <subfield code="b">WAL 2005</subfield>
  </datafield>
  <datafield tag="100" ind1="1" ind2="0">
   <subfield code="a">Walker </subfield>
  </datafield>
  <datafield tag="245" ind1="1" ind2="0">
   <subfield code="a">Implementing an electronic health record system  </subfield>
   <subfield code="c">James M. Walker, Eric J. Bieber, Frank Richards, editors; </subfield>
   <subfield code="f">with the collaboration of Sandra A. Buckley.</subfield>
  </datafield>
  <datafield tag="260" ind1="0" ind2="0">
   <subfield code="a">London: </subfield>
   <subfield code="b">Springer, </subfield>
   <subfield code="c">2005..</subfield>
  </datafield>
  <datafield tag="300" ind1=" " ind2=" ">
   <subfield code="a">xviii, 247 p.: </subfield>
   <subfield code="b">ill.; </subfield>
   <subfield code="c">25 cm..</subfield>
  </datafield>
  <datafield tag="440" ind1="0" ind2="0">
   <subfield code="a">Health informatics</subfield>
  </datafield>
  <datafield tag="501" ind1="0" ind2="0">
   <subfield code="a">SAH</subfield>
  </datafield>
  <datafield tag="504" ind1="0" ind2="0">
   <subfield code="a">Includes bibliographical references and index</subfield>
  </datafield>
  <datafield tag="650" ind1="0" ind2="0">
   <subfield code="a">Medical records -- </subfield>
   <subfield code="x">Data processing </subfield>
  </datafield>
  <datafield tag="700" ind1="1" ind2="1">
   <subfield code="a">Bieber, </subfield>
   <subfield code="h">Eric J. </subfield>
  </datafield>
  <datafield tag="700" ind1="1" ind2="1">
   <subfield code="a">Richards, </subfield>
   <subfield code="h">Frank </subfield>
  </datafield>
  <datafield tag="901" ind1=" " ind2=" ">
   <subfield code="u">http://www.Springer.com</subfield>
  </datafield>
 </record>
</collection>
